| 000 | 004720000a22001810004500 | ||
|---|---|---|---|
| 003 | MACL | ||
| 005 | 20150813174708.0 | ||
| 008 | 150813b xxu||||| |||| 00| 0 eng d | ||
| 040 |
_aMACL _cMACL |
||
| 041 | _aEnglish | ||
| 082 | _a400 | ||
| 100 |
_aYugarasmi _95502 |
||
| 245 | _aIllustrated English Malayalam Tamil Hindi Arabic Dictionary | ||
| 260 |
_bYugarasmi Publishing Company _c1988 _aSivakasi |
||
| 350 | _a300 | ||
| 650 |
_aLanguage _95503 |
||
| 942 |
_cBK _k400 _2ddc |
||
| 999 |
_c6959 _d6959 |
||